| 000 | 00757nam a2200217 i 4500 | ||
|---|---|---|---|
| 001 | 183370 | ||
| 003 | ES-MaACL | ||
| 005 | 20251015063154.0 | ||
| 008 | 140409s1910 it | |||| ||ita d | ||
| 080 | _a821.133.1-22"15" | ||
| 100 | 1 |
_aDella Porta, Giovan Battista, _dca. 1535-1615 _9154676 |
|
| 245 | 1 | 3 |
_aLe commedie. _nI / _cGiambattista della Porta ; a cura di Vincenzo Spampanato. |
| 260 |
_aBari : _bGius. Laterza & Figli, _c1910. |
||
| 300 |
_a391 p. ; _c21 cm. |
||
| 490 | 1 |
_aScrittori d'Italia ; _v4 |
|
| 505 | 8 | _aContiene: La sorella - La carbonaria -- La fantesca -- La tabernaria | |
| 700 | 1 |
_aSpampanato, Vincenzo. _9154677 |
|
| 830 | 0 | 0 |
_aScrittori d'Italia _v4 _9191925 |
| 852 |
_aES-MaACL _jG-3705 |
||
| 999 |
_c183370 _d183370 |
||